LEADER 01160nam0-22003731i-450- 001 990004390430403321 005 20130703122411.0 010 $a88-464-3353-X 035 $a000439043 035 $aFED01000439043 035 $a(Aleph)000439043FED01 035 $a000439043 100 $a19990604d2001----km-y0itay50------ba 101 0 $aita 102 $aIT 105 $ay-------001yy 200 1 $a<>gioco & l'azzardo$eil fenomeno, la clinica, le possibilità di intervento$fa cura di Mauro Croce, Riccardo Zerbetto$gcon contributi di T. Carlevaro, M. Clerici ... [et al.] 210 $aMilano$cAngeli$dc2001 215 $a399 p.$d23 cm 225 1 $aPsicologia$v185 517 1 $a<>gioco e l'azzardo 610 0 $aGiocatori d'azzardo$aPsicologia 610 0 $aGiochi d'azzardo$aAspetti psicologici 676 $a362.25$v21$zita 702 1$aCarlevaro,$bTazio 702 1$aCroce,$bMauro 702 1$aZerbetto,$bRiccardo 801 0$aIT$bUNINA$gRICA$2UNIMARC 901 $aBK 912 $a990004390430403321 952 $a362.25 CRO 1$bBibl. 47017$fFLFBC 959 $aFLFBC 996 $aGioco & l'azzardo$9542236 997 $aUNINA LEADER 01840nam 2200397 450 001 9910135159403321 005 20231207090424.0 010 $a0-7381-2701-9 024 7 $a10.1109/IEEESTD.1991.101035 035 $a(CKB)3780000000090461 035 $a(NjHacI)993780000000090461 035 $a(EXLCZ)993780000000090461 100 $a20231207d1991 uy 0 101 0 $aeng 135 $aur||||||||||| 181 $ctxt$2rdacontent 182 $cc$2rdamedia 183 $acr$2rdacarrier 200 10$aIEEE Std 844-1991 $eIEEE Recommended Practice for Electrical Impedance, Induction, and Skin Effect Heating of Pipelines and Vessels /$fInstitute of Electrical and Electronics Engineers 210 1$aPiscataway, NJ, USA :$cIEEE,$d1991. 215 $a1 online resource 330 $aRecommended practices are provided for the design, installation, testing, operation and maintenance of impedance, induction, and skin-effect heating systems. Thermal insulation and control and monitoring are addressed. General considerations for heating systems are discussed, covering selection criteria, design guidelines and considerations, power systems, receiving and storage, installation, testing, operations, and maintenance. These aspects are then discussed for each of the above types of systems, along with special considerations particular to each. These recommended practices are intended to apply to the use of these heating systems in general industry. 517 $aIEEE Std 844-1991 606 $aPipelines 606 $aElectric heating 606 $aPiping 615 0$aPipelines. 615 0$aElectric heating. 615 0$aPiping. 676 $a621.8672 801 0$bNjHacI 801 1$bNjHacl 906 $aDOCUMENT 912 $a9910135159403321 996 $aIEEE Std 844-1991$93646347 997 $aUNINA